[Event "NCA-ch (Women) final"]
[Site "Managua"]
[Date "2021.04.10"]
[Round "4"]
[White "Alvarez Gutierrez, Patricia"]
[Black "Narvaez Talavera, Joanie Ellen"]
[Result "1/2-1/2"]
[WhiteElo "1614"]
[BlackElo "1753"]
[PlyCount "61"]
[EventDate "2021.03.27"]
[EventType "tourn"]
[EventRounds "9"]
[EventCountry "NCA"]
[SourceTitle "EXT 2022"]
[Source "ChessBase"]
[SourceDate "2021.10.06"]
[SourceVersion "1"]
[SourceVersionDate "2021.10.06"]
[SourceQuality "1"]

1. d4 Nf6 2. c4 g6 3. Nc3 d5 4. cxd5 Nxd5 5. e4 Nxc3 6. bxc3 c5 7. Nf3 Bg7 8. Be3 Bg4 9. Qd2 Qa5 10. Rc1 0-0 11. d5 Bxf3 12. gxf3 Nd7 13. c4 Qxd2+ 14. Kxd2 f5 15. exf5 gxf5 16. f4 Rf6 17. Bd3 Raf8 18. Rc2 b6 19. Rg1 Rh6 20. Rg5 Rxh2 21. Bxf5 Nf6 22. Rc1 Kh8 23. Bd3 Nh5 24. Rcg1 Bh6 25. Re5 Rf7 26. Rg4 Nf6 27. Rg3 Nh5 28. Rg4 Nf6 29. Rg3 Rh5 30. Rxh5 Nxh5 31. Rg4 1/2-1/2

[Event "NCA-chT 1st Stage"]
[Site "Managua"]
[Date "2020.10.10"]
[Round "6.20"]
[White "Narvaez Talavera, Joanie Ellen"]
[Black "Marquez Carrero, Rafael Alfonso"]
[Result "1-0"]
[WhiteElo "1810"]
[BlackElo "1078"]
[PlyCount "51"]
[EventDate "2020.10.03"]
[EventType "team-swiss"]
[EventRounds "9"]
[EventCountry "NCA"]
[SourceTitle "EXT 2022"]
[Source "ChessBase"]
[SourceDate "2021.10.06"]
[SourceVersion "1"]
[SourceVersionDate "2021.10.06"]
[SourceQuality "1"]

1. d4 g6 2. c4 Bg7 3. Nc3 d6 4. e4 Nd7 5. Be3 c6 6. Bd3 Qa5 7. Nge2 e6 8. 0-0 Ne7 9. a3 c5 10. Nb5 Qb6 11. dxc5 Nxc5 12. b4 Bxa1 13. Qxa1 0-0 14. bxc5 dxc5 15. Bh6 f6 16. Bxf8 Kf7 17. Bxe7 Kxe7 18. e5 f5 19. Nd6 Qb3 20. Qc3 Qa4 21. Bc2 Qa6 22. Nxc8+ Rxc8 23. Rd1 Qb6 24. Qd3 Rc7 25. Qd6+ Qxd6 26. exd6+ 1-0

[Event "Managua Hurtado Memorial 19th"]
[Site "Managua"]
[Date "2019.12.30"]
[Round "8"]
[White "Narvaez Talavera, Joanie Ellen"]
[Black "Pichardo, Carlos"]
[Result "1/2-1/2"]
[WhiteElo "1642"]
[BlackElo "1703"]
[PlyCount "133"]
[EventDate "2019.12.26"]
[EventType "swiss"]
[EventRounds "9"]
[EventCountry "NCA"]
[SourceTitle "CBM 195 Extra"]
[Source "ChessBase"]
[SourceDate "2020.05.31"]
[SourceVersion "1"]
[SourceVersionDate "2020.05.31"]
[SourceQuality "1"]

1. d4 d5 2. Bf4 c6 3. Nf3 Qb6 4. Qc1 Bf5 5. e3 e6 6. Be2 Nf6 7. h3 h6 8. 0-0 Be7 9. Ne5 0-0 10. c4 c5 11. dxc5 Bxc5 12. Nc3 dxc4 13. Na4 Qb4 14. Nxc5 Qxc5 15. Qxc4 Qxc4 16. Bxc4 Nbd7 17. Nxd7 Nxd7 18. Rfd1 Nb6 19. Bb3 Rac8 20. f3 Bc2 21. Bxc2 Rxc2 22. b3 Nd5 23. a3 g5 24. Bd6 Rd8 25. Be5 Rdc8 26. Bd4 a6 27. e4 Nf4 28. Bf2 Ne2+ 29. Kf1 Nf4 30. a4 Rb2 31. Rab1 Rxb1 32. Rxb1 Nd3 33. Be3 Rc3 34. Ke2 Nf4+ 35. Bxf4 gxf4 36. Kd2 Re3 37. a5 Kf8 38. b4 Ra3 39. Kc2 Ra2+ 40. Rb2 Ra1 41. Kc3 Ke7 42. Kd4 f6 43. Kc5 Rd1 44. b5 Rd6 45. Rc2 axb5 46. Kxb5 Kd7 47. h4 Kd8 48. Rc5 e5 49. Rd5 Rxd5+ 50. exd5 f5 51. Kc5 e4 52. fxe4 fxe4 53. Kd4 e3 54. Kd3 Kd7 55. g3 fxg3 56. Kxe3 Kd6 57. Kf3 g2 58. Kxg2 Kxd5 59. Kg3 Kc5 60. Kg4 Kb5 61. Kh5 Kxa5 62. Kxh6 b5 63. Kg7 b4 64. h5 b3 65. h6 b2 66. h7 b1Q 67. h8Q 1/2-1/2

[Event "Managua Hurtado Memorial 19th"]
[Site "Managua"]
[Date "2019.12.29"]
[Round "7"]
[White "Avalos, Carlos"]
[Black "Narvaez Talavera, Joanie Ellen"]
[Result "1-0"]
[WhiteElo "1901"]
[BlackElo "1642"]
[PlyCount "37"]
[EventDate "2019.12.26"]
[EventType "swiss"]
[EventRounds "9"]
[EventCountry "NCA"]
[SourceTitle "CBM 195 Extra"]
[Source "ChessBase"]
[SourceDate "2020.05.31"]
[SourceVersion "1"]
[SourceVersionDate "2020.05.31"]
[SourceQuality "1"]

1. d4 d5 2. Nc3 Nf6 3. Bf4 c6 4. e3 Bf5 5. f3 e6 6. g4 Bg6 7. h4 h5 8. g5 Nfd7 9. Bd3 Bf5 10. Bxf5 exf5 11. Qd3 g6 12. 0-0-0 Na6 13. e4 fxe4 14. fxe4 Qb6 15. exd5 0-0-0 16. dxc6 bxc6 17. Qc4 Kb7 18. Rh3 Ra8 19. Ne4 1-0

[Event "NCA-ch (Women)"]
[Site "Managua"]
[Date "2019.04.14"]
[Round "8"]
[White "Ferrufino, Michelle"]
[Black "Narvaez Talavera, Joanie Ellen"]
[Result "1/2-1/2"]
[WhiteElo "1734"]
[BlackElo "1670"]
[PlyCount "92"]
[EventDate "2019.03.30"]
[EventType "tourn"]
[EventRounds "9"]
[EventCountry "NCA"]
[SourceTitle "CBM 190 Extra"]
[Source "ChessBase"]
[SourceDate "2019.07.15"]
[SourceVersion "1"]
[SourceVersionDate "2019.07.15"]
[SourceQuality "1"]

1. e4 d5 2. exd5 Qxd5 3. Nc3 Qa5 4. Bc4 Nf6 5. d3 Bf5 6. Bd2 c6 7. Qe2 e6 8. Nd5 Qd8 9. Nxf6+ Qxf6 10. Bc3 Qg5 11. Nf3 Qh6 12. Ne5 Bd6 13. g4 Bxe5 14. Bxe5 Bg6 15. h4 0-0 16. Qf3 f5 17. Bxe6+ Bf7 18. Bxf5 Bd5 19. Qe2 Bxh1 20. g5 Qxh4 21. Be6+ Kh8 22. 0-0-0 Qxg5+ 23. f4 Rxf4 24. Bxf4 Qxf4+ 25. Kb1 Na6 26. Rxh1 Rf8 27. a3 Nc7 28. Bh3 Nd5 29. Rf1 Qd6 30. Rg1 Nf4 31. Qg4 Qg6 32. Qd1 Qd6 33. Bg4 Ng6 34. Bf3 Qd4 35. Be4 Rf6 36. Qe2 Qd8 37. Rh1 Kg8 38. Qg2 Qb6 39. Qh2 h6 40. Rg1 Nf4 41. Rf1 Qe3 42. Rf3 Qe1+ 43. Ka2 Qc1 44. Rf2 Qe3 45. Rf3 Qc1 46. Rf2 Qe3 1/2-1/2

[Event "NCA-ch sf (Women)"]
[Site "Managua"]
[Date "2019.03.17"]
[Round "8"]
[White "Alvarez Gutierrez, Patricia"]
[Black "Narvaez Talavera, Joanie Ellen"]
[Result "1-0"]
[WhiteElo "1638"]
[BlackElo "1670"]
[PlyCount "61"]
[EventDate "2019.03.02"]
[EventType "swiss"]
[EventRounds "9"]
[EventCountry "NCA"]
[SourceTitle "EXT 2020"]
[Source "ChessBase"]
[SourceDate "2019.10.17"]
[SourceVersion "1"]
[SourceVersionDate "2019.10.17"]
[SourceQuality "1"]

1. d4 d5 2. Bf4 c5 3. e3 Nc6 4. c3 Qb6 5. Qc2 g6 6. dxc5 Qxc5 7. Nd2 e5 8. Bg3 Nf6 9. Ngf3 Qe7 10. Bb5 Nd7 11. 0-0 Bg7 12. Rfe1 f5 13. c4 Nb4 14. Qb3 0-0 15. Bxd7 Bxd7 16. Nxe5 Bxe5 17. Bxe5 Nc6 18. Bc3 dxc4 19. Qxc4+ Be6 20. Qf4 g5 21. Qf3 Rad8 22. Qh5 b5 23. a3 a5 24. Nf3 g4 25. Ng5 Bc8 26. Rad1 a4 27. h3 Rxd1 28. Rxd1 g3 29. Rd6 gxf2+ 30. Kf1 b4 31. Rg6+ 1-0

[Event "Managua Hurtado Memorial 18th"]
[Site "Managua"]
[Date "2018.12.26"]
[Round "1"]
[White "Narvaez Talavera, Joanie Ellen"]
[Black "Picado, Jorge Luis"]
[Result "0-1"]
[WhiteElo "1693"]
[BlackElo "2168"]
[PlyCount "100"]
[EventDate "2018.12.26"]
[EventType "swiss"]
[EventRounds "9"]
[EventCountry "NCA"]
[SourceTitle "EXT 2020"]
[Source "ChessBase"]
[SourceDate "2019.10.17"]
[SourceVersion "1"]
[SourceVersionDate "2019.10.17"]
[SourceQuality "1"]

1. d4 Nf6 2. Bg5 d5 3. Bxf6 exf6 4. e3 c6 5. c4 Bf5 6. Nc3 Qb6 7. Qb3 Qxb3 8. axb3 Bb4 9. cxd5 cxd5 10. Bb5+ Nc6 11. Nf3 0-0 12. 0-0 Ne7 13. Rfc1 Rfc8 14. Be2 Rc6 15. Nh4 Be6 16. Bd3 a6 17. Ne2 Rac8 18. h3 f5 19. Nf3 f6 20. Rxc6 Rxc6 21. Rc1 g5 22. Rxc6 Nxc6 23. Kf1 Kf7 24. Ne1 h6 25. Ng3 Ne7 26. Ke2 Bd6 27. Nf1 f4 28. Nc2 f5 29. Nd2 fxe3 30. Nxe3 Nc6 31. Nc2 Kf6 32. f3 f4 33. Nf1 Bd7 34. Nd2 b5 35. Kd1 Ne7 36. Ke2 a5 37. Nb1 b4 38. Nd2 Bc7 39. Nf1 Nf5 40. Bxf5 Bxf5 41. Kd2 Bb6 42. Nh2 h5 43. Nf1 Bg6 44. Nh2 Bf5 45. Kd1 Ke6 46. Kd2 Kd6 47. Kd1 Bd3 48. Kd2 Bg6 49. Kd1 Bd3 50. Kd2 Bb5 0-1

[Event "Olympiad Women-43"]
[Site "Batumi"]
[Date "2018.09.28"]
[Round "5.65"]
[White "Hoareau, Rachelle"]
[Black "Narvaez Talavera, Joanie Ellen"]
[Result "0-1"]
[WhiteElo "1467"]
[BlackElo "1670"]
[PlyCount "48"]
[EventDate "2018.09.24"]
[EventType "team-swiss"]
[EventRounds "11"]
[EventCountry "GEO"]
[SourceTitle "EXT 2020"]
[Source "ChessBase"]
[SourceDate "2019.10.17"]
[SourceVersion "1"]
[SourceVersionDate "2019.10.17"]
[SourceQuality "1"]
[WhiteTeam "Seychelles (W)"]
[BlackTeam "Nicaragua (W)"]
[WhiteTeamCountry "SEY"]
[BlackTeamCountry "NCA"]

1. e4 d5 2. e5 c5 3. d4 cxd4 4. Qxd4 Nc6 5. Bb5 Qa5+ 6. Nc3 e6 7. b4 Bxb4 8. Bd2 Bd7 9. Bxc6 Bxc6 10. Nf3 Ne7 11. 0-0 Nf5 12. Qg4 Bxc3 13. Bxc3 Qxc3 14. Ng5 Qd4 15. Rae1 Qxg4 16. Nxe6 fxe6 17. f3 Qd4+ 18. Kh1 Bb5 19. Rg1 Ne3 20. Rb1 Ba6 21. h3 Qd2 22. Rbe1 Rc8 23. Kh2 Rxc2 24. Kg3 Qf2+ 0-1